| Tag |
First Indicator |
Second Indicator |
Subfields |
| LEADER |
00000nam a2200000 i 4500 |
| 001 |
in00005621521 |
| 003 |
OCoLC |
| 005 |
20241220080316.6 |
| 006 |
m o d |
| 007 |
cr ||||||||||| |
| 008 |
240402t20242024nyua ob 001 0 eng |
| 010 |
|
|
|a 2024011581
|
| 024 |
8 |
|
|a 40032690466
|
| 040 |
|
|
|a DLC
|b eng
|e rda
|c DLC
|d OCLCO
|d OCLKB
|d UKKRT
|d YDX
|
| 019 |
|
|
|a 1428422584
|
| 020 |
|
|
|a 9781108936514
|q electronic publication
|
| 020 |
|
|
|a 1108936512
|q electronic publication
|
| 020 |
|
|
|z 9781108837927
|q hardcover
|
| 035 |
|
|
|a (OCoLC)1429288035
|z (OCoLC)1428422584
|
| 042 |
|
|
|a pcc
|
| 050 |
|
4 |
|a QC454.L3
|b L83 2024
|
| 082 |
0 |
4 |
|a 539.7/44
|2 23/eng/20240409
|
| 100 |
1 |
|
|a Lucht, Robert P.,
|d 1954-
|e author.
|
| 245 |
1 |
0 |
|a Fundamentals of laser spectroscopy for atoms and diatomic molecules /
|c Robert P. Lucht, Purdue University, Indiana.
|
| 264 |
|
1 |
|a Cambridge, United Kingdom ;
|a New York, NY :
|b Cambridge University Press,
|c 2024.
|
| 264 |
|
4 |
|c ©2024
|
| 300 |
|
|
|a 1 online resource ( x, 418 pages) :
|b illustrations.
|
| 336 |
|
|
|a text
|b txt
|2 rdacontent
|
| 337 |
|
|
|a computer
|b c
|2 rdamedia
|
| 338 |
|
|
|a online resource
|b cr
|2 rdacarrier
|
| 504 |
|
|
|a Includes bibliographical references and index.
|
| 588 |
|
|
|a Description based on online resource; title from digital title page (viewed on December 19, 2024).
|
| 650 |
|
0 |
|a Laser spectroscopy.
|
| 650 |
|
0 |
|a Atomic spectroscopy.
|
| 650 |
|
0 |
|a Molecular spectroscopy.
|
| 650 |
|
6 |
|a Spectroscopie laser.
|0 (CaQQLa)201-0063784
|
| 650 |
|
6 |
|a Spectroscopie atomique.
|0 (CaQQLa)201-0041624
|
| 650 |
|
6 |
|a Spectroscopie moléculaire.
|0 (CaQQLa)201-0015101
|
| 655 |
|
7 |
|a Electronic books.
|2 local
|
| 710 |
2 |
|
|a Cambridge University Press
|
| 776 |
1 |
8 |
|i Print version:
|a Lucht, Robert P., 1954-
|t Fundamentals of laser spectroscopy for atoms and diatomic molecules
|d Cambridge, United Kingdom ; New York, NY : Cambridge University Press, 2024
|z 9781108837927
|w (DLC) 2024011580
|
| 856 |
4 |
0 |
|u http://proxy.library.tamu.edu/login?url=https://doi.org/10.1017/9781108936514
|z Connect to the full text of this electronic book
|t 0
|
| 945 |
|
|
|b 360862
|
| 955 |
|
|
|a YBP purchased approval e-records
|
| 980 |
|
|
|b ebook
|c 40032690466
|f NONFIC/B
|g 565751
|k USD
|m 235.00
|q 1
|s AcqMono Conventional
|t Approval plan
|u Vendor order reference number
|v ZYBP
|y E-approvals
|z Electronic resource
|
| 999 |
f |
f |
|i d080d60e-9ea2-4046-a991-018483ee41b8
|s 7a8b836f-5f66-492d-8fbf-655189b75c07
|t 0
|
| 952 |
f |
f |
|a Texas A&M University
|b College Station
|c Electronic Resources
|s www_evans
|d Available Online
|t 0
|e QC454.L3 L83 2024
|h Library of Congress classification
|